عرض عادي
عرض مارك
مدخل Personal Name
001 - CONTROL NUMBER
- control field: 10838
003 - CONTROL NUMBER IDENTIFIER
- control field: DLC
005 - DATE AND TIME OF LATEST TRANSACTION
- control field: 20260608110034.0
008 - FIXED-LENGTH DATA ELEMENTS
- fixed length control field: 080626n| azannaabn |b aaa c
010 ## - LIBRARY OF CONGRESS CONTROL NUMBER
- LC control number: no2008094392
035 ## - SYSTEM CONTROL NUMBER
- System control number: (OCoLC)oca07805604
040 ## - CATALOGING SOURCE
- Original cataloging agency: PU-ME
- Language of cataloging: eng
- Description conventions: rda
- Transcribing agency: PU-ME
- Modifying agency: OCoLC
- Modifying agency: InU
100 1# - HEADING--PERSONAL NAME
- Personal name: سعيد، عبد المنعم محمد
375 ## - GENDER
- Gender: male
377 ## - ASSOCIATED LANGUAGE
- Language code: ara
400 1# - SEE FROM TRACING--PERSONAL NAME
- Personal name: Saʻīd, ʻAbd al-Munʻim
- Fuller form of name: (ʻAbd al-Munʻim Muḥammad)
400 1# - SEE FROM TRACING--PERSONAL NAME
- Personal name: Saʻīd, Muḥammad ʻAbd al-Munʻim Muḥammad
400 1# - SEE FROM TRACING--PERSONAL NAME
- Personal name: سعيد، عبد المنعم محمد
400 1# - SEE FROM TRACING--PERSONAL NAME
- Personal name: سعيد، عبد المنعم
- Fuller form of name: (عبد المنعم محمد)
400 1# - SEE FROM TRACING--PERSONAL NAME
- Personal name: سعيد، محمد عبد المنعم محمد
500 ## - SEE ALSO FROM TRACING--PERSONAL NAME
- Personal name: Saʻīd, ʻAbd al-Munʻim Muḥammad
670 ## - SOURCE DATA FOUND
- Source citation: Turāth Aḥmad Luṭfī al-Sayyid, 2008- :
- Information found: v. [1], t.p. (ʻAbd al-Munʻim Muḥammad Saʻīd)
670 ## - SOURCE DATA FOUND
- Source citation: Saʻīd, ʻAbd al-Munʻim Muḥammad. Aṣwāt al-muthaqqafīn wa-thawrat 1919, 2019:
- Information found: title page (ʻAbd al-Munʻim Saʻīd) page 499 (Muḥammad ʻAbd al-Munʻim Muḥammad Saʻīd)
700 ## - ESTABLISHED HEADING LINKING ENTRY--PERSONAL NAME
- Personal name: Saʻīd, ʻAbd al-Munʻim Muḥammad
905 ## - cataloger
- cataloger: Auth_BKS